000 00394nam a2200181Ia 4500
001 13570
005 20260306164810.0
008 260306t2007||||xx |||||||||||||| ||spa||
041 _aESP
082 _a004.678
_bH71
100 _aHolzner, Steven
_eAUT
245 0 _aLos secretos de RSS
260 _c2007
300 _a
_c
650 _aGEN
654 _aCCC
942 _cLIB
_dJUS
_fJUS
_2ddc
_n
999 _c13570
_d13570